Gilligan's Island Castaways Quiz Stats

 Plays Quiz Updated Jan 16, 2014

Score 0/7 Timer 01:00
6 Plays Today
Castaway % Correct
Gilligan
98.5%
Jonas 'Skipper' Grumby
93.1%
Ginger Grant
91.3%
Professor Roy Hinkley
90.9%
Mary Ann Summers
90.8%
Thurston Howell, III
63.8%
Lovey Howell
60%

You're not logged in!

Compare scores with friends on all Sporcle quizzes.
OR
Log In

Sporcle TV

Today on Sporcle TV


Watch our educational content, quiz creation guides, and fun videos on Sporcle TV.

Show Comments

Extras

Top Quizzes Today


Score Distribution

Your Account Isn't Verified!

In order to create a playlist on Sporcle, you need to verify the email address you used during registration. Go to your Sporcle Settings to finish the process.

Report this User

Report this user for behavior that violates our Community Guidelines.

Details: